Koncentrácia a internacionalizácia - predpoklad konkurenčnej schopnosti slovenských obchodných firiem v európskom priestore
Guardado en:
| Autor principal: | |
|---|---|
| Otros Autores: | , |
| Formato: | Capítulo de libro |
| Lenguaje: | eslovaco |
| Etiquetas: |
Sin Etiquetas, Sea el primero en etiquetar este registro!
|
MARC
| LEADER | 00000naa$a2200000$$$4500 | ||
|---|---|---|---|
| 001 | 0098180 | ||
| 005 | 20240502072102.5 | ||
| 041 | 0 | |a slo | |
| 044 | |a SK | ||
| 245 | 1 | 0 | |a Koncentrácia a internacionalizácia - predpoklad konkurenčnej schopnosti slovenských obchodných firiem v európskom priestore |c Antónia Štensová, Viera Čihovská, Vanda Lieskovská |
| 500 | |a Abstrakt | ||
| 100 | 1 | |a Štensová, Antónia | |
| 700 | 1 | |a Čihovská, Viera | |
| 700 | 1 | |a Lieskovská, Vanda, 1961- | |